Statistics for Chicago Bulls Quiz

Click here to take the quiz!

General Stats

  • This quiz has been taken 73 times
  • The average score is 16 of 24

Answer Stats

Answer% Correct
Eastern
100%
Utah Crimson
97%
White
95%
Michael Jordan
95%
6
94%
23
92%
Scottie Pippen
92%
Black
92%
9
84%
33
83%
Chicago, Illinois
78%
4
75%
10
73%
Central
73%
1966
72%
United Center
59%
Bob Love
55%
Jerry Sloan
45%
Jim Boylen
39%
Gar Forman
23%
Jerry Reinsdorf
22%
Michael Reinsdorf
19%
Zenni Optical
13%
Windy City Bulls
9%

Score Distribution

Percentile by Number Answered

Percent of People with Each Score

Your Score History

You have not taken this quiz